000 00752nam a2200181Ia 4500
008 100921s9999 xx 000 0 und d
082 _b2117
_a801.951 थ 71
100 _aअल्ताफ हुसेन अली अनु.कुळकर्णी श्रीधर रघुनाथ.
245 _aकाव्य आणि कविता.
260 _bसाहित्य अकादमी,नवी दिल्ली.
_c1971
300 _a177
_b---
365 _b6
520 _aललित-काव्य-समीक्षा.
630 _aकाव्य आणि कविता.
650 _aललित-काव्य-समीक्षा.
730 _aकाव्य आणि कविता.
942 _cBOOK
999 _c751230
_d751227